01492 2200205 4500001002100000005001500021035002000036008004100056245003600097100002000133250000600153260003800159300001200197084001400209082000800223650001000231520102100241990001201262990001201274INLIS00000000000095420240531084804 a0010-0524000189240531 1 ind 1 aLove In Italy /cRofie Khaliffa aKhaliffa, Rofie a1 aYogyakarta :bSheila/ Andi,c2015 a248 hlm a813 ROF l a813 4aFiksi aGue suka banget sama karakter Pethra di novel ini! Bukan karena penulisnya bilang karakter Pethra adalah gue di dunia nyata, bukan. Pethra ini laki banget. Demi cewek yang dia suka bahagia, dia ngorbanin perasaannya. Gue juga suka karakter si calon dokter Juliet. She's smart and care too much! Ada kutipan lirik lagu band gue juga, lho. Buat yang baca novel ini, silakan bayangin gue sebagai Pethra-nya. Hehe. Elscant Wifesa, aktor dan vokalis band Oneflash. "Baca novel ini berasa dibawa ke Italia beneran sama para tokohnya! Setting yang apik, dengan memasukkan beberapa tempat sweet di Venesia dan Verona. Kisah Pethra yang mengidap lupus di novel ini pun sangat menyentuh hati." Endik Koeswoyo, penulis novel dan penulis skenario film Erau Kota Raja. "Kisah dari penulis berbakat yang menghadirkan banyak informasi soal Venesia, Italia, dan penyakit lupus. Setelah baca novel ini dijamin nggak pengen lagi terus-terusan memendam perasaan ke orang yg disayang!!" Altami N.D, penulis novel A Week Long Journey. a0741662 a0741663